| 000 | 00730nam a2200241 a 4500 | ||
|---|---|---|---|
| 001 | 76856 | ||
| 003 | BD-RjUL | ||
| 005 | 20211209082910.0 | ||
| 008 | 200127s1958 enk 000 1 eng d | ||
| 035 | _a(BD-RjUL)77080 | ||
| 035 | _a2063813 | ||
| 040 |
_aAPLS _beng _cAPLS _dANL _dBD-RjUL |
||
| 041 | _aeng | ||
| 082 |
_223 _a813.52 _bFAC 1958 |
||
| 100 | 1 |
_aFaulkner, William, _d1897-1962. _9238472 |
|
| 245 | 1 | 4 |
_aThe collected short stories/ _cWilliam Faulkner |
| 260 |
_aLondon : _bChatto & Windus, _c1958. |
||
| 300 |
_a3 v. ; _b20 cm. |
||
| 505 | 0 | _av.1. Uncle Willy and other stories -- v.2. These thirteen -- v.3. Dr Martino and other stories. | |
| 650 |
_aShort stories _9238473 |
||
| 942 |
_2ddc _cBK |
||
| 999 |
_c76856 _d76856 |
||